000 00294nam a22001337a 4500
008 170522b xxu||||| |||| 00| 0 eng d
020 _a9789280810936
041 _aeng
080 _a94(5)
100 _a16
101 _aSHH
245 _aSOUTH ASIA IN THE WORLD
_cTHAKUR, R
942 _2udc
_cBK
999 _c13616
_d13616